[Event "25th Bunratty Masters"]
[Site "Bunratty IRL"]
[Date "2018.02.24"]
[Round "2.23"]
[White "Fegan, Chris"]
[Black "O'Gorman, Tom"]
[Result "0-1"]
[BlackTitle "FM"]
[WhiteElo "2034"]
[BlackElo "2150"]
[WhiteFideId "410047"]
[BlackFideId "2508249"]
[EventDate "2018.02.23"]

1. e4 e6 2. d3 d5 3. Nd2 Nf6 4. g3 dxe4 5. dxe4 Bc5 6. Bg2 Nc6 7. Ngf3 e5 8. h3
O-O 9. O-O a5 10. Qe2 b6 11. Rd1 Ba6 12. c4 a4 13. b3 Qe7 14. Bb2 a3 15. Bc3 Nd4
16. Bxd4 exd4 17. b4 Bxb4 18. Nxd4 Bc3 19. Nf5 Qe6 20. Rac1 Bb2 21. Rc2 Rad8 22.
Re1 Rfe8 23. Qe3 h6 24. Nb1 Bxc4 25. Nxa3 Rd3 26. Nxc4 Rxe3 27. Rxe3 Ba1 28. f4
g6 29. Nxh6+ Kg7 30. f5 Qd7 31. Rd2 Bd4 32. Kh2 Kxh6 33. Red3 c5 34. e5 Nh5 35.
e6 fxe6 36. Ne5 Qc7 37. Bc6 Bxe5 38. Bxe8 Bxg3+ 39. Kg1 exf5 40. Rd7 Qe5 41. Rd8
Bh4 0-1

[Event "25th Bunratty Masters"]
[Site "Bunratty IRL"]
[Date "2018.02.24"]
[Round "2.24"]
[White "Pein, Jonathan"]
[Black "Vogel, Constantin"]
[Result "0-1"]
[WhiteElo "2177"]
[BlackElo "2026"]
[WhiteFideId "417092"]
[BlackFideId "12960071"]
[EventDate "2018.02.23"]

1. Nf3 Nf6 2. b3 c5 3. Bb2 d5 4. e3 e6 5. c4 Nc6 6. cxd5 exd5 7. Bb5 Bd6 8. h3
O-O 9. O-O a6 10. Bxc6 bxc6 11. Qc2 Qe7 12. Nc3 a5 13. Rfc1 Ba6 14. d3 Nd7 15.
Na4 Bb5 16. Nc3 Ba6 17. d4 Rfc8 18. e4 cxd4 19. Nxd4 Qe5 20. Nf3 Qh5 21. exd5
cxd5 22. Qd2 Nf6 23. Rd1 Bb4 24. Qd4 Bxc3 25. Bxc3 Be2 26. Re1 Bxf3 27. gxf3
Qxh3 28. Re3 Re8 29. Rae1 Rxe3 30. Rxe3 a4 31. f4 Qf5 32. Rg3 axb3 33. Qxf6 Qxf6
34. Bxf6 bxa2 35. Bxg7 h6 36. Kh2 f5 37. Be5+ Kf7 38. Rg1 Ra3 39. Rg3 Ra4 40.
Rg1 d4 41. Ra1 Ke6 42. Kg2 Kd5 43. Kf3 Kc4 44. Ke2 Kb3 45. Kd3 Kb2 46. Rd1 a1=Q
47. Rxa1 Kxa1 48. Bxd4+ Kb1 49. Be5 Re4 50. f3 Ra4 51. Ke3 0-1

[Event "25th Bunratty Masters"]
[Site "Bunratty IRL"]
[Date "2018.02.24"]
[Round "2.25"]
[White "Rush, Stephen"]
[Black "Murray, David"]
[Result "1-0"]
[WhiteElo "2025"]
[BlackElo "2150"]
[WhiteFideId "2512173"]
[BlackFideId "2501511"]
[EventDate "2018.02.23"]

1. d4 Nf6 2. c4 g6 3. f3 c5 4. d5 b5 5. cxb5 a6 6. e4 d6 7. Nc3 Bg7 8. Bg5 O-O
9. bxa6 Qa5 10. Qd2 Bxa6 11. Bxa6 Nxa6 12. Nge2 Rfb8 13. O-O Rb7 14. Rab1 Nb4
15. a3 Na6 16. Bh6 Bh8 17. Kh1 Nd7 18. f4 Rab8 19. h4 Nc7 20. h5 Nb5 21. Rbc1
Nxc3 22. bxc3 Rb2 23. Qe3 Nf6 24. Bg5 Nxh5 25. Rf3 Qxa3 26. f5 Qa2 27. Re1 Rb1
28. Nc1 Qc2 29. fxg6 hxg6 30. Bxe7 R8b2 31. Rg1 Be5 32. Bg5 Ra1 33. Rh3 Ra4 34.
Nd3 Rb1 35. Nxe5 dxe5 36. Rxh5 gxh5 37. Bf6 Rxg1+ 38. Kxg1 Qxe4 39. Qg5+ Qg6 40.
Qxe5 Kh7 41. d6 Ra2 42. Bg5 Qc2 43. Qg3 Qd1+ 44. Kh2 Ra1 45. Qe5 Qh1+ 46. Kg3
Ra2 47. Qe4+ Kg7 48. d7 Ra3 49. Qe5+ 1-0

[Event "25th Bunratty Masters"]
[Site "Bunratty IRL"]
[Date "2018.02.24"]
[Round "2.26"]
[White "Scallan, Fiachra"]
[Black "Rawlinson, Aidan M"]
[Result "0-1"]
[WhiteElo "1927"]
[BlackElo "2168"]
[WhiteFideId "2507528"]
[BlackFideId "413496"]
[EventDate "2018.02.23"]

1. e4 g6 2. d4 Bg7 3. Nf3 d6 4. Bc4 Nf6 5. Qe2 O-O 6. e5 dxe5 7. dxe5 Nd5 8. O-O
Bg4 9. h3 Bxf3 10. Qxf3 e6 11. Rd1 c6 12. Bxd5 cxd5 13. c4 Nc6 14. cxd5 exd5 15.
Rxd5 Nxe5 16. Qb3 Qe7 17. Bf4 Rfd8 18. Nc3 Nc6 19. Bg5 Bf6 20. Bxf6 Qxf6 21.
Qxb7 Rdb8 22. Qd7 Rxb2 23. Ne4 Qe6 24. Qxe6 fxe6 25. Rd7 Rf8 26. Rc1 Ne5 27.
Rxa7 Rf7 28. Rcc7 Rxc7 29. Rxc7 Rxa2 30. Nf6+ Kf8 31. Nxh7+ Ke8 32. Ng5 Nd3 33.
Ne4 Re2 34. Nf6+ Kf8 35. Ng4 Kg8 36. Rd7 Nf4 37. Nh6+ Kh8 38. Re7 Nd3 39. Ng4
Kg8 40. Kf1 Re1# 0-1

[Event "25th Bunratty Masters"]
[Site "Bunratty IRL"]
[Date "2018.02.24"]
[Round "2.27"]
[White "O'Connor, Jonathan"]
[Black "Mulligan, Scott"]
[Result "1/2-1/2"]
[WhiteElo "2234"]
[BlackElo "1984"]
[WhiteFideId "2501112"]
[BlackFideId "2507498"]
[EventDate "2018.02.23"]

1. e4 e6 2. d4 d5 3. Nc3 Bb4 4. e5 c5 5. a3 Bxc3+ 6. bxc3 Ne7 7. Nf3 Qa5 8. Bd2
Qa4 9. h4 Nbc6 10. h5 h6 11. Rh4 c4 12. Be2 Bd7 13. Rf4 g5 14. hxg6 fxg6 15. Rf6
O-O-O 16. Nh2 g5 17. Bh5 Ng8 18. Rf3 Be8 19. Bg4 Kd7 20. Rh3 Bg6 21. Bxg5 Rf8
22. Ra2 Qb5 23. Kf1 Rh7 24. a4 Qb6 25. Bc1 Rhf7 26. Rf3 Qa5 27. Bd2 Qd8 28. Kg1
h5 29. Rxf7+ Bxf7 30. Bxh5 Qh4 31. Bxf7 Rxf7 32. g3 Qh8 33. Qg4 Nge7 34. Bg5 Rh7
35. Bf6 Qf8 36. Qg5 Nf5 37. Nf3 Qf7 38. g4 Nfe7 39. Kg2 Ng8 40. Ra1 Rh6 41. Rh1
Rg6 42. Qh4 Nxf6 43. exf6 Rxf6 44. Ng5 Qg6 45. Qh7+ Ne7 46. Qxg6 Rxg6 47. f4 a6
48. Kg3 Nc8 49. Rh7+ Kc6 50. Nf3 Rg8 51. Ne5+ Kb6 52. a5+ Kxa5 53. Rxb7 Nd6 54.
Re7 Ne4+ 55. Kf3 Nxc3 56. Rxe6 Nb5 57. c3 Nxc3 58. Nc6+ Kb5 59. g5 Ne4 60. Ne7
Rxg5 61. Nxd5 Nd2+ 62. Ke2 Rxd5 63. Kxd2 Rxd4+ 1/2-1/2

[Event "25th Bunratty Masters"]
[Site "Bunratty IRL"]
[Date "2018.02.24"]
[Round "3.1"]
[White "Pein, Malcolm"]
[Black "Jones, Gawain C B"]
[Result "0-1"]
[WhiteTitle "IM"]
[BlackTitle "GM"]
[WhiteElo "2346"]
[BlackElo "2646"]
[WhiteFideId "400289"]
[BlackFideId "409561"]
[EventDate "2018.02.23"]

1. d4 Nf6 2. c4 g6 3. Nc3 Bg7 4. e4 d6 5. f3 O-O 6. Be3 c5 7. Nge2 Nc6 8. Qd2
Qa5 9. d5 Ne5 10. Ng3 Qb4 11. Nd1 Qa4 12. Nc3 Qb4 13. Nd1 a5 14. Rc1 h5 15. Rc3
h4 16. Bh6 hxg3 17. hxg3 Ne8 18. a3 Qa4 19. Bxg7 Nxg7 20. Qh6 f5 21. f4 Ng4 22.
Qxg6 fxe4 23. Be2 Bf5 24. Qg5 Nf6 25. g4 Bh7 26. Rch3 Qe8 27. f5 Qf7 28. Ne3
Rfd8 29. Qh6 Qf8 30. g5 Nxf5 31. Nxf5 Bxf5 32. Qh8+ Kf7 33. Bh5+ Bg6 34. Bxg6+
Kxg6 35. Rh6+ Kxg5 36. R1h5+ Kf4 37. Rxf6+ Qxf6 38. Rh4+ Ke3 39. Rh3+ Kd4 40.
Qh5 Rh8 41. Qd1+ Ke5 42. Rh5+ Rxh5 43. Qxh5+ Qf5 44. Qh2+ Qf4 45. Qh5+ Kf6 0-1

[Event "25th Bunratty Masters"]
[Site "Bunratty IRL"]
[Date "2018.02.24"]
[Round "3.2"]
[White "Belenkaya, Dina"]
[Black "Tiviakov, Sergei"]
[Result "0-1"]
[WhiteTitle "WGM"]
[BlackTitle "GM"]
[WhiteElo "2286"]
[BlackElo "2569"]
[WhiteFideId "24142654"]
[BlackFideId "1008013"]
[EventDate "2018.02.23"]

1. e4 e6 2. d4 d5 3. Nd2 c5 4. exd5 Qxd5 5. dxc5 Nf6 6. Ngf3 Qxc5 7. Bd3 Be7 8.
Qe2 Nbd7 9. O-O Qc7 10. Ne4 Nd5 11. Rd1 a6 12. c4 Nf4 13. Bxf4 Qxf4 14. Rac1 b6
15. b4 Bxb4 16. Qb2 Bf8 17. Bc2 f6 18. Rd4 Qc7 19. Ba4 Bc5 20. Rd3 O-O 21. Rcd1
Rf7 22. Nd6 Bxd6 23. Rxd6 Nc5 24. Bc2 Bb7 25. Qxb6 Qxb6 26. Rxb6 Bxf3 27. gxf3
Rc8 28. Kf1 Rfc7 29. Ke2 f5 30. Rdd6 Kf7 31. a4 g6 32. f4 a5 33. Rb5 Ke7 34. Rd4
Nb7 35. Bb3 Nc5 36. Bc2 Ra8 37. Ke3 Raa7 38. Kd2 Nb7 39. Kc3 Ra6 40. Bd3 Nd6 41.
Rb8 Nc8 42. Be2 Rb6 43. Ra8 Rc5 44. Rd2 Nd6 45. Ra7+ Kf6 46. f3 Rbc6 47. Rd4 h5
48. h4 Nc8 49. Rb7 Rc7 50. Rxc7 Rxc7 51. Rd8 Nb6 52. Kb3 Nc8 53. Kc3 Ne7 54. Kd2
Nc6 55. Ra8 Ke7 56. Ke3 Kd6 57. Rg8 Rb7 58. Rxg6 Rb3+ 59. Kf2 Nd4 60. Bd1 Rb1
61. Rg1 Kc5 62. Ke3 Ra1 63. Kd3 Ra3+ 64. Kd2 Rxf3 65. Rg8 Rxf4 66. Bxh5 Rxh4 67.
Bf7 Kxc4 68. Ra8 f4 69. Ra6 Rh2+ 70. Ke1 f3 71. Bxe6+ Kc3 72. Bg4 Nc2+ 73. Kf1
Ne3+ 74. Kg1 f2+ 75. Kxh2 f1=Q 0-1

[Event "25th Bunratty Masters"]
[Site "Bunratty IRL"]
[Date "2018.02.24"]
[Round "3.3"]
[White "Wall, Tim P"]
[Black "Bates, Richard A"]
[Result "0-1"]
[WhiteTitle "FM"]
[BlackTitle "IM"]
[WhiteElo "2227"]
[BlackElo "2364"]
[WhiteFideId "401641"]
[BlackFideId "403555"]
[EventDate "2018.02.23"]

1. b3 g6 2. Bb2 Nf6 3. Bxf6 exf6 4. c4 Bg7 5. Nc3 f5 6. Rc1 d6 7. g3 Nd7 8. Bg2
c6 9. e3 Nf6 10. Nge2 h5 11. h4 O-O 12. d3 Bd7 13. b4 Qe7 14. b5 Ng4 15. Qd2
Rfe8 16. a4 a6 17. bxc6 bxc6 18. Nf4 Rab8 19. Bf3 Rb3 20. Bd1 Rb7 21. Bxg4 fxg4
22. O-O Reb8 23. Rc2 Bf5 24. Re1 Rb3 25. Nce2 Qa7 26. a5 Qc5 27. e4 Bd7 28. d4
Qa3 29. c5 dxc5 30. dxc5 Be8 31. Nd4 Rb1 32. Nfe2 Rxe1+ 33. Qxe1 Qd3 0-1

[Event "25th Bunratty Masters"]
[Site "Bunratty IRL"]
[Date "2018.02.24"]
[Round "3.4"]
[White "Bourached, Anthony"]
[Black "Rendle, Thomas E"]
[Result "1/2-1/2"]
[BlackTitle "IM"]
[WhiteElo "1991"]
[BlackElo "2359"]
[WhiteFideId "2504456"]
[BlackFideId "408760"]
[EventDate "2018.02.23"]

1. d4 f5 2. Nc3 Nf6 3. Bf4 e6 4. e3 Bb4 5. a3 Bxc3+ 6. bxc3 O-O 7. c4 c5 8. Bd3
d6 9. Nf3 Qe7 10. O-O Nbd7 11. Nh4 Ne4 12. f3 Qxh4 13. fxe4 e5 14. Bg3 Qg5 15.
Qe2 f4 16. exf4 exf4 17. Qd2 cxd4 18. Bxf4 1/2-1/2

[Event "25th Bunratty Masters"]
[Site "Bunratty IRL"]
[Date "2018.02.24"]
[Round "3.5"]
[White "Baburin, Alexander"]
[Black "Speelman, Jon S"]
[Result "1/2-1/2"]
[WhiteTitle "GM"]
[BlackTitle "GM"]
[WhiteElo "2458"]
[BlackElo "2503"]
[WhiteFideId "2500914"]
[BlackFideId "400033"]
[EventDate "2018.02.23"]

1. d4 Nf6 2. c4 e6 3. g3 d5 4. Nf3 dxc4 5. Qa4+ Nbd7 6. Bg2 a6 7. Qxc4 b5 8. Qc6
Rb8 9. Bf4 Nd5 10. Bg5 Be7 11. Bxe7 Qxe7 12. O-O 1/2-1/2

[Event "25th Bunratty Masters"]
[Site "Bunratty IRL"]
[Date "2018.02.24"]
[Round "3.6"]
[White "Hebden, Mark L"]
[Black "O'Donnell, Conor"]
[Result "1-0"]
[WhiteTitle "GM"]
[BlackTitle "FM"]
[WhiteElo "2454"]
[BlackElo "2318"]
[WhiteFideId "400084"]
[BlackFideId "2504243"]
[EventDate "2018.02.23"]

1. d4 d5 2. Nf3 Nf6 3. c4 e6 4. Bg5 dxc4 5. Qa4+ Nbd7 6. e4 Be7 7. Nbd2 O-O 8.
Bxc4 a6 9. Qc2 c5 10. e5 Nd5 11. Bxe7 Nxe7 12. Bd3 cxd4 13. Bxh7+ Kh8 14. Be4
Qa5 15. b4 Qxb4 16. O-O Nc5 17. Rab1 Qc3 18. Qd1 Nf5 19. Ng5 g6 20. Qg4 Kg7 21.
Qf4 d3 22. Rfc1 Nxe4 23. Ndxe4 Qd4 24. g4 Nh6 25. h3 Qd8 26. Rc3 b5 27. Rd1 b4
28. Rcxd3 Qc7 29. Qf6+ Kg8 30. Rd8 Bb7 31. Nxe6 1-0

[Event "25th Bunratty Masters"]
[Site "Bunratty IRL"]
[Date "2018.02.24"]
[Round "3.7"]
[White "Heidenfeld, Mark"]
[Black "Williams, Simon K"]
[Result "0-1"]
[WhiteTitle "IM"]
[BlackTitle "GM"]
[WhiteElo "2356"]
[BlackElo "2453"]
[WhiteFideId "2500990"]
[BlackFideId "404454"]
[EventDate "2018.02.23"]

1. e4 e6 2. d4 d5 3. Nc3 Nf6 4. Bg5 dxe4 5. Nxe4 Be7 6. Nxf6+ Bxf6 7. Bxf6 Qxf6
8. Nf3 O-O 9. Qd2 c5 10. O-O-O Rd8 11. Qc3 Nc6 12. dxc5 Rxd1+ 13. Kxd1 Qxc3 14.
bxc3 e5 15. Bb5 f6 16. Kc1 Be6 17. Bxc6 bxc6 18. Nd2 Kf7 19. Re1 g5 20. g3 Rb8
21. Re3 Rb5 22. c4 Rxc5 23. Ra3 f5 24. Rxa7+ Kg6 25. Ra4 e4 26. g4 fxg4 27. Nxe4
Re5 28. Ng3 h5 29. Kd2 h4 30. Nf1 Kf5 31. Ne3+ Kf4 32. Ra8 Bf7 33. Rf8 Re7 34.
c5 Kf3 35. Nf5 Rd7+ 36. Nd6 Kxf2 37. Rxf7+ Rxf7 38. Nxf7 g3 39. hxg3 h3 40. Nh6
Kxg3 41. Nf5+ Kf4 0-1

[Event "25th Bunratty Masters"]
[Site "Bunratty IRL"]
[Date "2018.02.24"]
[Round "3.8"]
[White "Wells, Peter K"]
[Black "Nettleton, Charlie B"]
[Result "1-0"]
[WhiteTitle "GM"]
[WhiteElo "2427"]
[BlackElo "2011"]
[WhiteFideId "400327"]
[BlackFideId "419710"]
[EventDate "2018.02.23"]

1. d4 d5 2. c4 Bf5 3. Nc3 e6 4. Nf3 c6 5. Qb3 Qc8 6. cxd5 exd5 7. Bf4 Nf6 8. Rc1
a6 9. Ne5 Nbd7 10. e3 Be7 11. Nxd7 Qxd7 12. Na4 Rd8 13. Nb6 Qe6 14. Bc7 O-O 15.
Bxd8 Rxd8 16. Be2 h5 17. Na4 Rd7 18. Nc5 Bxc5 19. dxc5 h4 20. f3 Re7 21. Kf2 Nh5
22. Qc3 g5 23. Qd4 Bg6 24. Rhe1 f5 25. Bd3 g4 26. fxg4 fxg4 27. Kg1 Bxd3 28.
Qxd3 g3 29. h3 Nf6 30. Rf1 Ne4 31. Rf3 Rf7 32. Rxf7 Qxf7 33. Rf1 Nf2 34. Qd4 Qe7
35. b4 Qe6 36. Qf4 Kg7 37. Qc7+ Kg6 38. Rxf2 1-0

[Event "25th Bunratty Masters"]
[Site "Bunratty IRL"]
[Date "2018.02.24"]
[Round "3.9"]
[White "Short, Nigel D"]
[Black "Manojlovic, Mihailo"]
[Result "1-0"]
[WhiteTitle "GM"]
[WhiteElo "2681"]
[BlackElo "2055"]
[WhiteFideId "400025"]
[BlackFideId "2507633"]
[EventDate "2018.02.23"]

1. e4 e6 2. d4 d5 3. Nc3 Bb4 4. e5 c5 5. a3 Bxc3+ 6. bxc3 Ne7 7. Nf3 O-O 8. Bd3
h6 9. dxc5 Qa5 10. O-O Qxc5 11. Re1 Nbc6 12. Rb1 Qa5 13. Nh4 f5 14. exf6 Rxf6
15. Qh5 Bd7 16. Rxb7 Qxc3 17. Qd1 Qc5 18. Nf3 Bc8 19. Rb5 Qd6 20. Bb2 Rf8 21.
Ne5 Ba6 22. Qg4 d4 23. Nxc6 Nxc6 24. Rxe6 Qd7 25. h3 Bxb5 26. Bxb5 Qb7 27. Bxc6
Qxb2 28. Bxa8 Qb1+ 29. Kh2 Qb8+ 30. f4 Qxa8 31. Re7 g5 32. Qe6+ 1-0

[Event "25th Bunratty Masters"]
[Site "Bunratty IRL"]
[Date "2018.02.24"]
[Round "3.10"]
[White "McShane, Luke J"]
[Black "Li, Henry"]
[Result "1-0"]
[WhiteTitle "GM"]
[WhiteElo "2643"]
[BlackElo "2191"]
[WhiteFideId "404853"]
[BlackFideId "2508524"]
[EventDate "2018.02.23"]

1. e4 e5 2. Nf3 Nc6 3. Bb5 a6 4. Ba4 Nf6 5. O-O Nxe4 6. d4 b5 7. Bb3 d5 8. dxe5
Be6 9. Qe2 Be7 10. Rd1 O-O 11. Nbd2 Nc5 12. c3 f6 13. exf6 Bxf6 14. Bc2 Re8 15.
Nb3 Bf5 16. Be3 Bxc2 17. Qxc2 Nxb3 18. axb3 Ne5 19. Nxe5 Bxe5 20. Qf5 Qd6 21. g3
c5 22. Rd3 d4 23. cxd4 cxd4 24. Rad1 Qc5 25. Rc1 Qf8 26. Qxf8+ Rxf8 27. Bd2 Rac8
28. Ra1 Rc6 29. Kf1 Bf6 30. Ke2 Kf7 31. f4 h5 32. Kf3 Re8 33. h3 g6 34. Be1 Ke6
35. Bf2 Kd5 36. Rad1 Re4 37. Rc3 Ree6 38. g4 hxg4+ 39. hxg4 b4 40. Rcd3 Re4 41.
Ra1 Ree6 42. Ra4 Rc2 43. Rxb4 Rxb2 44. Bxd4 Bxd4 45. Rbxd4+ Kc5 46. Re4 Rf2+ 47.
Kxf2 Rxe4 48. Kf3 Re1 49. Kg3 Rh1 50. f5 gxf5 51. gxf5 Rh6 52. Kg4 Rh8 53. f6 1-0

[Event "25th Bunratty Masters"]
[Site "Bunratty IRL"]
[Date "2018.02.24"]
[Round "3.11"]
[White "O'Gorman, Tom"]
[Black "Collins, Sam E."]
[Result "1/2-1/2"]
[WhiteTitle "FM"]
[BlackTitle "IM"]
[WhiteElo "2150"]
[BlackElo "2464"]
[WhiteFideId "2508249"]
[BlackFideId "2501198"]
[EventDate "2018.02.23"]

1. e4 e5 2. Nf3 Nc6 3. Bb5 a6 4. Ba4 Nf6 5. O-O Be7 6. Re1 b5 7. Bb3 d6 8. c3
O-O 9. h3 Bb7 10. d4 Nd7 11. Nbd2 exd4 12. cxd4 Bf6 13. Nf1 Na5 14. Bc2 Re8 15.
Bd2 Nc4 16. Bc3 c5 17. b3 cxd4 18. Bxd4 Nce5 19. Nxe5 Nxe5 20. Ne3 Rc8 21. Rc1
g6 22. f4 Nc6 23. Bxf6 Qxf6 24. Nd5 Qg7 25. Bb1 Rcd8 26. Rc2 Nd4 27. Rd2 Ne6 28.
Qf3 Bxd5 29. Rxd5 Qf6 30. g3 Rc8 31. Red1 Rc3 32. R5d3 Rec8 33. Kg2 b4 34. Qf2
Rxd3 35. Bxd3 Rc3 36. Bc4 Nc5 37. e5 Qf5 38. exd6 Rc2 39. Rd2 Ne4 40. d7 Qxd7
41. Rxd7 Rxf2+ 42. Kg1 Rxa2 43. g4 Ra1+ 44. Kg2 Ra2+ 45. Kg1 Ra1+ 46. Kg2 Ra2+
47. Kg1 1/2-1/2

[Event "25th Bunratty Masters"]
[Site "Bunratty IRL"]
[Date "2018.02.24"]
[Round "3.12"]
[White "Wallace, John Paul"]
[Black "Rawlinson, Aidan M"]
[Result "1-0"]
[WhiteTitle "IM"]
[WhiteElo "2411"]
[BlackElo "2168"]
[WhiteFideId "3200957"]
[BlackFideId "413496"]
[EventDate "2018.02.23"]

1. e4 g6 2. d4 Bg7 3. Nc3 d6 4. Be3 a6 5. h4 Nf6 6. f3 b5 7. g4 h5 8. g5 Nfd7 9.
Nge2 Bb7 10. Qd2 Nb6 11. Ng3 N8d7 12. f4 c5 13. d5 O-O 14. Be2 Qc7 15. Rd1 b4
16. Nb1 Bxb2 17. c4 Bg7 18. O-O a5 19. e5 Rfb8 20. e6 fxe6 21. dxe6 Nf8 22. f5
d5 23. Bf4 Be5 24. fxg6 Nxe6 25. Bxe5 Qxe5 26. Nf5 dxc4 27. Bxh5 Qe4 28. Nxe7+
Kh8 29. Bf3 Qe5 30. Bxb7 Rxb7 31. Qd8+ Rxd8 32. Rxd8+ Nxd8 33. Rf8+ Kg7 34. Rg8# 1-0

[Event "25th Bunratty Masters"]
[Site "Bunratty IRL"]
[Date "2018.02.24"]
[Round "3.13"]
[White "Vuilleumier, Alexandre"]
[Black "Maroroa, Sue"]
[Result "1/2-1/2"]
[WhiteTitle "IM"]
[BlackTitle "WIM"]
[WhiteElo "2345"]
[BlackElo "2102"]
[WhiteFideId "1305662"]
[BlackFideId "4301498"]
[EventDate "2018.02.23"]

1. Nf3 Nf6 2. g3 g6 3. Bg2 Bg7 4. O-O O-O 5. d4 d6 6. Nc3 d5 7. Re1 Nc6 8. h3
Ne4 9. e3 Nxc3 10. bxc3 e5 11. Ba3 Re8 12. Rb1 h6 13. g4 a6 14. Nxe5 Nxe5 15.
dxe5 Bxe5 16. Bxd5 c6 17. Bb3 Qf6 18. Qe2 h5 19. Red1 hxg4 20. hxg4 Qh4 21. f3
Bxc3 22. Bd6 Be5 23. Bxe5 Rxe5 24. Qf2 Qe7 25. e4 Be6 26. Qd4 1/2-1/2

[Event "25th Bunratty Masters"]
[Site "Bunratty IRL"]
[Date "2018.02.24"]
[Round "3.14"]
[White "L'Ami, Alina"]
[Black "Melaugh, Shane"]
[Result "1/2-1/2"]
[WhiteTitle "IM"]
[WhiteElo "2310"]
[BlackElo "2103"]
[WhiteFideId "1210246"]
[BlackFideId "2509580"]
[EventDate "2018.02.23"]

1. d4 e6 2. c4 f5 3. Nf3 Nf6 4. g3 b6 5. Bg2 Bb7 6. O-O Be7 7. d5 O-O 8. Nd4 c5
9. d6 Bxg2 10. dxe7 Qxe7 11. Nxf5 exf5 12. Kxg2 Qe4+ 13. f3 Qxc4 14. b3 Qe6 15.
Nc3 d5 16. Nb5 Rf7 17. Bg5 a6 18. Bxf6 axb5 19. Bb2 Nc6 20. Qd2 d4 21. Rfe1 Re7
22. h4 Rf8 23. Rad1 f4 24. gxf4 Nb4 25. e4 dxe3 26. Qd6 Qxd6 27. Rxd6 Rxf4 28.
Kg3 Rf5 29. f4 Rd5 30. Rxd5 Nxd5 31. Kf3 Kf7 32. Be5 Nb4 33. Rg1 g6 34. Kxe3
Nxa2 35. h5 Nb4 36. Ke4 Nc6 37. hxg6+ hxg6 38. Kd5 Nb4+ 39. Ke4 Rd7 40. f5 gxf5+
41. Kxf5 Rd5 42. Rg7+ Kf8 43. Rh7 Nd3 44. Kf6 Kg8 45. Rg7+ Kf8 46. Rh7 Kg8 47.
Rg7+ Kf8 48. Rh7 1/2-1/2

[Event "25th Bunratty Masters"]
[Site "Bunratty IRL"]
[Date "2018.02.24"]
[Round "3.15"]
[White "Vogel, Constantin"]
[Black "Fitzsimons, David"]
[Result "0-1"]
[BlackTitle "FM"]
[WhiteElo "2026"]
[BlackElo "2330"]
[WhiteFideId "12960071"]
[BlackFideId "2501961"]
[EventDate "2018.02.23"]

1. c4 e5 2. g3 Nf6 3. Bg2 c6 4. d4 e4 5. Nc3 d5 6. Bg5 Nbd7 7. cxd5 cxd5 8. Qa4
Qb6 9. Rc1 Qxb2 10. Nh3 Bb4 11. O-O Bxc3 12. Bxf6 gxf6 13. Nf4 b5 14. Qb3 Qxb3
15. axb3 Bd2 16. Nxd5 Bxc1 17. Nc7+ Kd8 18. Nxa8 Bb7 19. Rxc1 Bxa8 20. Ra1 Ke7
21. Rxa7 Bd5 0-1

[Event "25th Bunratty Masters"]
[Site "Bunratty IRL"]
[Date "2018.02.24"]
[Round "3.16"]
[White "Schwartz, Ylon"]
[Black "Rush, Stephen"]
[Result "1/2-1/2"]
[WhiteTitle "FM"]
[WhiteElo "2263"]
[BlackElo "2025"]
[WhiteFideId "2009323"]
[BlackFideId "2512173"]
[EventDate "2018.02.23"]

1. g3 Nf6 2. Bg2 e6 3. c4 Be7 4. Nf3 O-O 5. d4 Ne4 6. O-O f5 7. Qc2 d5 8. Nc3 c6
9. Ne5 Nd7 10. Nxd7 Bxd7 11. f3 Nf6 12. b3 Be8 13. cxd5 exd5 14. e3 Bd6 15. Bb2
Bg6 16. Qd2 Qe7 17. Ne2 Rae8 18. Kf2 h6 19. Nf4 Bh7 20. Nd3 Nd7 21. Rae1 g5 22.
Kg1 Qd8 1/2-1/2

[Event "25th Bunratty Masters"]
[Site "Bunratty IRL"]
[Date "2018.02.24"]
[Round "3.17"]
[White "Connell, Blair N"]
[Black "Fox, Anthony"]
[Result "1/2-1/2"]
[WhiteElo "2234"]
[BlackElo "2038"]
[WhiteFideId "403725"]
[BlackFideId "2500736"]
[EventDate "2018.02.23"]

1. e4 e5 2. Nf3 Nc6 3. Nc3 Nf6 4. a3 d6 5. d4 exd4 6. Nxd4 Be7 7. Nxc6 bxc6 8.
Bd3 O-O 9. O-O a5 10. f4 h6 11. h3 Ba6 12. Bxa6 Rxa6 13. Qd3 Ra8 14. Qc4 d5 15.
Qxc6 Nxe4 16. Nxd5 Bc5+ 17. Kh2 Qh4 18. Nf6+ Qxf6 19. Qxe4 Rfe8 20. Qc4 Qa6 21.
Qxa6 Rxa6 22. f5 Re2 23. Bf4 Bd6 24. Rac1 Rc6 25. Bxd6 Rxd6 26. Rf3 Rdd2 27. Rg3
Rxc2 28. Rxc2 Rxc2 29. f6 g6 30. Rb3 Rf2 31. Rb5 a4 32. Rb4 Rxf6 33. Rxa4 Kf8
34. Rc4 Rb6 35. b4 Ra6 36. Rc3 Ke8 37. Kg3 Kd7 38. Kf4 Rf6+ 39. Ke5 Rf2 40. g4
f6+ 41. Kd5 f5 42. Kc5 fxg4 43. Rd3+ Kc8 44. hxg4 h5 45. gxh5 gxh5 46. Rd5 Rc2+
47. Kd4 Rd2+ 48. Ke4 Rxd5 49. Kxd5 Kb7 50. a4 Kb6 51. Kd4 h4 52. Ke4 h3 53. Kf3
c5 1/2-1/2

[Event "25th Bunratty Masters"]
[Site "Bunratty IRL"]
[Date "2018.02.24"]
[Round "3.18"]
[White "Prilleltensky, Matan"]
[Black "Hayes, Peter J."]
[Result "1-0"]
[WhiteElo "2195"]
[BlackElo "2079"]
[WhiteFideId "2024810"]
[BlackFideId "2502569"]
[EventDate "2018.02.23"]

1. d4 d5 2. c4 c6 3. Nc3 Nf6 4. e3 e6 5. Nf3 Nbd7 6. Qc2 Bd6 7. Bd3 a6 8. b3 b5
9. O-O O-O 10. e4 dxc4 11. bxc4 e5 12. d5 cxd5 13. Nxd5 Nxd5 14. exd5 bxc4 15.
Bxh7+ Kh8 16. Bg5 Be7 17. Bxe7 Qxe7 18. Be4 Qd6 19. Nd2 Nb6 20. Nxc4 Nxc4 21.
Qxc4 Bd7 22. Rfd1 Rac8 23. Qe2 f5 24. Bd3 a5 25. Rac1 Qa3 26. Rxc8 Bxc8 27. Qxe5
Qa4 28. Qe2 Bb7 29. Bc4 Rc8 30. d6 1-0